Who Did What - Harry Potter Quiz - Statistics

General Stats
  • This quiz has been taken 48 times
  • The average score is 14 of 16
Answer Stats
Hint Answer % Correct
What is the name of the goblin who takes Harry to his vault his first time in Gringotts? Griphook
95%
Who is the captain of the Slytherin Quidditch team in Harry's first year? Marcus Flint
95%
Who is Fred and George's best friend and long-time announcer for Hogwarts quidditch? Lee Jordan
92%
What is Parvati Patil's twin's name? Padma
92%
Who was the Hogwarts Headmaster before Albus Dumbledore? Armando Dippet
89%
Who is the Muggle Studies professor who gets killed by Voldemort? Charity Burbage
89%
Who does Harry turn into with Polyjuice Potion for the Ministry break in? Albert Runcorn
87%
The runner up for Ron's keeper tryout in his sixth year. Cormac McClaggen
87%
Who falls into the lake during their first-year boat ride, then gets returned by the giant squid? Dennis Creevey
84%
What is the name of the executioner who almost killed Buckbeak the hippogriff. Walden Macnair
84%
Who is the owner of the ice cream shop on Diagon Alley? Florean Fortescue
82%
Who is the Irish seeker at the Quidditch World Cup in 1994? Aidan Lynch
79%
Who got "lost in Albania" in the summer after Harry's third year? Bertha Jorkins
79%
Who had "Sneak" cursed across their face in pimples? Marietta Edgecombe
79%
Who is the captain of the Holyhead Harpies? Gwenog Jones
74%
Who is Arthur Weasley's one co-worker in the Department for the Misuse of Muggle Artifacts? Perkins
66%
No matching quizzes found
Score Distribution
Percent of People with Each Score
Percentile by Number Answered
Your Score History
You have not taken this quiz